[Event "BCF-chT2b 1920 (4NCL)"]
[Site "Daventry"]
[Date "2020.02.08"]
[Round "5.72"]
[White "Kwiatkowski, Feliks Jerzy"]
[Black "Kalaiyalahan, Akshaya"]
[Result "1-0"]
[WhiteElo "2216"]
[BlackElo "2154"]
[PlyCount "57"]
[EventDate "2020.01.11"]
[EventType "team-tourn"]
[EventRounds "11"]
[EventCountry "ENG"]
[SourceTitle "CBM 194 Extra"]
[Source "ChessBase"]
[SourceDate "2020.03.31"]
[SourceVersion "1"]
[SourceVersionDate "2020.03.31"]
[SourceQuality "1"]
[WhiteTeam "Kings Head"]
[BlackTeam "Guildford III"]
[WhiteTeamCountry "ENG"]
[BlackTeamCountry "ENG"]

1. e4 c5 2. Nf3 Nc6 3. d4 cxd4 4. Nxd4 g6 5. c4 Bg7 6. Be3 Nf6 7. Nc3 d6 8. Be2 0-0 9. 0-0 Bd7 10. Qd2 Nxd4 11. Bxd4 Bc6 12. f3 a5 13. b3 Nd7 14. Be3 Nc5 15. Rab1 Qb6 16. Rfc1 Rfc8 17. Rc2 h5 18. a3 Nxb3 19. Nd5 Bxd5 20. exd5 Bh6 21. Rxb3 Qxb3 22. Bxh6 Qxa3 23. Be3 a4 24. Bd4 Kh7 25. Ra2 Qb3 26. Rb2 Qa3 27. Rxb7 Re8 28. Qf4 f5 29. Qg5 1-0

[Event "BCF-chT2 1718 (4NCL) Demotion pool"]
[Site "England"]
[Date "2018.05.07"]
[Round "11.62"]
[White "Mason, Donald"]
[Black "Kwiatkowski, Feliks Jerzy"]
[Result "1/2-1/2"]
[WhiteElo "2192"]
[BlackElo "2223"]
[PlyCount "66"]
[EventDate "2017.11.11"]
[EventType "team-tourn"]
[EventRounds "11"]
[EventCountry "ENG"]
[SourceTitle "EXT 2020"]
[Source "ChessBase"]
[SourceDate "2019.10.17"]
[SourceVersion "1"]
[SourceVersionDate "2019.10.17"]
[SourceQuality "1"]
[WhiteTeam "Warwicks Select"]
[BlackTeam "Kings Head"]
[WhiteTeamCountry "ENG"]
[BlackTeamCountry "ENG"]

1. e4 c5 2. Nf3 Nc6 3. Bb5 g6 4. 0-0 Bg7 5. Bxc6 bxc6 6. Re1 Nh6 7. c3 0-0 8. d4 cxd4 9. cxd4 d5 10. e5 Bg4 11. Nbd2 f6 12. h3 Bxf3 13. Nxf3 fxe5 14. Nxe5 Qc7 15. Bg5 Nf7 16. Bf4 Nxe5 17. Bxe5 Bxe5 18. Rxe5 Rf4 19. Qe2 Qb6 20. Rxe7 Qxd4 21. Qe6+ Kh8 22. Re8+ Rxe8 23. Qxe8+ Kg7 24. Qe7+ Rf7 25. Qe2 Rb7 26. Rb1 Kf7 27. Re1 Qxb2 28. Qe8+ Kg7 29. Re7+ Rxe7 30. Qxe7+ Kg8 31. Qe8+ Kg7 32. Qe7+ Kg8 33. Qe8+ Kg7 1/2-1/2

[Event "BCF-chT2 1718 (4NCL) Demotion pool"]
[Site "England"]
[Date "2018.05.05"]
[Round "9.62"]
[White "Clark, Kevin R"]
[Black "Kwiatkowski, Feliks Jerzy"]
[Result "0-1"]
[WhiteElo "2118"]
[BlackElo "2223"]
[PlyCount "104"]
[EventDate "2017.11.11"]
[EventType "team-tourn"]
[EventRounds "11"]
[EventCountry "ENG"]
[SourceTitle "EXT 2020"]
[Source "ChessBase"]
[SourceDate "2019.10.17"]
[SourceVersion "1"]
[SourceVersionDate "2019.10.17"]
[SourceQuality "1"]
[WhiteTeam "Poisoned Pawns"]
[BlackTeam "Kings Head"]
[WhiteTeamCountry "ENG"]
[BlackTeamCountry "ENG"]

1. e4 c5 2. c3 Nf6 3. e5 Nd5 4. d4 cxd4 5. Bc4 Nb6 6. Bb3 d6 7. Nf3 Nc6 8. cxd4 dxe5 9. Nxe5 Nxe5 10. dxe5 Qxd1+ 11. Bxd1 Bd7 12. Nc3 Bc6 13. 0-0 e6 14. Bc2 Rc8 15. Be3 Bb4 16. Ne4 0-0 17. a3 Be7 18. Bxb6 axb6 19. Rfd1 Rfd8 20. f4 h6 21. Kf2 f5 22. exf6 gxf6 23. g4 f5 24. gxf5 exf5 25. Nc3 Bh4+ 26. Kg1 Kh8 27. Rxd8+ Rxd8 28. Rd1 Rg8+ 29. Kf1 Bg2+ 30. Ke2 Bh3 31. Rd6 Rg2+ 32. Kd3 Rxh2 33. Kc4 Be7 34. Rxb6 Bg2 35. Bxf5 Bc6 36. Nd5 Bd8 37. Rb3 Rd2 38. Ne3 Bf6 39. Bd3 h5 40. Nf1 Rf2 41. Kc5 Rxf4 42. Ng3 h4 43. Nh5 Be7+ 44. Kb6 Rf3 45. Rc3 h3 46. Bb5 Bd8+ 47. Kc5 Rxc3+ 48. bxc3 Bc7 49. Bxc6 bxc6 50. Kxc6 h2 51. Kxc7 h1Q 52. Nf6 Qf3 0-1

[Event "BCF-chT2a 1718 (4NCL)"]
[Site "England"]
[Date "2018.01.14"]
[Round "4.23"]
[White "Grant, David J"]
[Black "Kwiatkowski, Feliks Jerzy"]
[Result "0-1"]
[WhiteElo "2140"]
[BlackElo "2219"]
[PlyCount "116"]
[EventDate "2017.11.11"]
[EventType "team-tourn"]
[EventRounds "7"]
[EventCountry "ENG"]
[SourceTitle "EXT 2020"]
[Source "ChessBase"]
[SourceDate "2019.10.17"]
[SourceVersion "1"]
[SourceVersionDate "2019.10.17"]
[SourceQuality "1"]
[WhiteTeam "Sussex Martlets"]
[BlackTeam "Kings Head"]
[WhiteTeamCountry "ENG"]
[BlackTeamCountry "ENG"]

1. e4 c5 2. Nf3 Nc6 3. d4 cxd4 4. Nxd4 Nf6 5. Nc3 e5 6. Ndb5 d6 7. Bg5 a6 8. Na3 b5 9. Bxf6 gxf6 10. Nd5 f5 11. c3 Bg7 12. exf5 Bxf5 13. Nc2 0-0 14. Nce3 Be6 15. Bd3 f5 16. 0-0 Kh8 17. Qh5 e4 18. Bc2 Ne7 19. Rad1 Bf7 20. Qh3 Nxd5 21. Nxd5 Qg5 22. f4 exf3 23. Qxf3 Bh5 24. Qh3 Bxd1 25. Rxd1 Rae8 26. Rf1 Re5 27. Qd3 Re4 28. Qf3 Re5 29. Qd3 Qh4 30. Nf4 Re1 31. Qxd6 Rd8 32. Qxd8+ Qxd8 33. Rxe1 Bh6 34. Nd3 Kg7 35. Re6 Qd5 36. Re7+ Kg6 37. Re5 Qxa2 38. Rxf5 Kg7 39. Rf1 Bd2 40. Bb1 Qb3 41. g3 a5 42. h4 a4 43. g4 Qc4 44. Kh2 Qc7+ 45. Kh3 Qe7 46. Rf2 Be1 47. Rf4 Qe3+ 48. Kg2 Qe2+ 49. Kh3 Qd1 50. Nc5 Qe2 51. Ba2 Qe3+ 52. Kg2 Qg3+ 53. Kh1 Qxh4+ 54. Kg2 Qg3+ 55. Kh1 Qh3+ 56. Kg1 Qe3+ 57. Kg2 Qxc5 58. Rf7+ Kg6 0-1

[Event "BCF-chT2a 1718 (4NCL)"]
[Site "England"]
[Date "2018.01.13"]
[Round "3.43"]
[White "Kwiatkowski, Feliks Jerzy"]
[Black "Gayson, Peter"]
[Result "1/2-1/2"]
[WhiteElo "2219"]
[BlackElo "2150"]
[PlyCount "160"]
[EventDate "2017.11.11"]
[EventType "team-tourn"]
[EventRounds "7"]
[EventCountry "ENG"]
[SourceTitle "EXT 2020"]
[Source "ChessBase"]
[SourceDate "2019.10.17"]
[SourceVersion "1"]
[SourceVersionDate "2019.10.17"]
[SourceQuality "1"]
[WhiteTeam "Kings Head"]
[BlackTeam "White Rose II"]
[WhiteTeamCountry "ENG"]
[BlackTeamCountry "ENG"]

1. e4 c5 2. Nf3 e6 3. d4 cxd4 4. Nxd4 Nf6 5. Nc3 Nc6 6. Ndb5 Bb4 7. a3 Bxc3+ 8. Nxc3 d5 9. exd5 exd5 10. Bd3 0-0 11. 0-0 d4 12. Ne2 Bg4 13. f3 Bh5 14. Bg5 Qd6 15. Qd2 Rfe8 16. Bh4 Rad8 17. Bf2 a6 18. Rad1 Re7 19. b4 Kh8 20. Qc1 Qc7 21. Qa1 Red7 22. Rd2 Qe5 23. Ng3 Bg6 24. Re2 Qd5 25. Rfe1 Bxd3 26. cxd3 h6 27. Qb2 Qg5 28. Ne4 Nxe4 29. Rxe4 Qb5 30. Qe2 Qd5 31. Qc2 Kh7 32. Kf1 Qd6 33. Bg3 Qd5 34. Bf2 Qd6 35. Kg1 Qd5 36. R1e2 Rc8 37. Qb2 Rcd8 38. Rc2 f5 39. Ree2 Qf7 40. Qa2 Qxa2 41. Rxa2 Rd5 42. Rac2 Kg6 43. f4 Kf7 44. Kf1 Re8 45. h3 Rxe2 46. Kxe2 h5 47. Kf3 g6 48. Rc4 Ke6 49. Kg3 a5 50. Be1 axb4 51. Bxb4 Kd7 52. Kh4 Nd8 53. Kg3 Ne6 54. Kf3 Rb5 55. Kg3 Rd5 56. Kf3 Rb5 57. a4 Rb6 58. g3 Ra6 59. Be1 Rb6 60. Bb4 Ra6 61. Be1 Rb6 62. Bb4 Ra6 63. a5 Rc6 64. Ke2 h4 65. Kf3 hxg3 66. Kxg3 Rxc4 67. dxc4 Kc6 68. Kf3 Nc5 69. Ke2 Ne4 70. Kd3 Nf2+ 71. Kxd4 Nxh3 72. Ke5 g5 73. fxg5 Nxg5 74. Kxf5 Nf3 75. Ke4 Ng5+ 76. Kf5 Nf3 77. Ke6 Nd4+ 78. Ke5 Nb3 79. Ke4 Nxa5 80. Bxa5 b5 1/2-1/2

[Event "BCF-chT1a 1617 (4NCL)"]
[Site "England"]
[Date "2017.01.15"]
[Round "4.42"]
[White "Kwiatkowski, Feliks Jerzy"]
[Black "Kett, Timothy"]
[Result "1/2-1/2"]
[WhiteElo "2217"]
[BlackElo "2237"]
[PlyCount "63"]
[EventDate "2016.11.19"]
[EventType "team-tourn"]
[EventRounds "7"]
[EventCountry "ENG"]
[SourceTitle "EXT 2018"]
[Source "ChessBase"]
[SourceDate "2017.10.13"]
[SourceVersion "1"]
[SourceVersionDate "2017.10.13"]
[SourceQuality "1"]
[WhiteTeam "Kings Head"]
[BlackTeam "South Wales Dragons"]
[WhiteTeamCountry "ENG"]
[BlackTeamCountry "ENG"]

1. e4 e5 2. Nf3 Nc6 3. Bb5 a6 4. Ba4 Nf6 5. 0-0 Be7 6. Re1 b5 7. Bb3 d6 8. c3 0-0 9. h3 Bb7 10. d4 Nd7 11. Nbd2 exd4 12. cxd4 Bf6 13. Nf1 Na5 14. Bc2 Re8 15. Ng3 g6 16. b3 c5 17. Bb2 Nc6 18. Qd2 Rc8 19. Rad1 cxd4 20. Bb1 h5 21. Nxd4 Nxd4 22. Bxd4 h4 23. Nf1 Nc5 24. Bxf6 Qxf6 25. f3 Red8 26. Qh6 Ne6 27. Rxd6 Rxd6 28. e5 Qf4 29. Qxf4 Nxf4 30. exd6 Rd8 31. Re7 Bd5 32. d7 1/2-1/2

[Event "BCF-chT2c 1516 (4NCL)"]
[Site "England"]
[Date "2016.05.02"]
[Round "11.233"]
[White "Savory, Richard J"]
[Black "Kwiatkowski, Feliks Jerzy"]
[Result "1-0"]
[WhiteElo "2081"]
[BlackElo "2226"]
[PlyCount "51"]
[EventDate "2015.11.14"]
[EventType "team-swiss"]
[EventRounds "11"]
[EventCountry "ENG"]
[SourceTitle "EXT 2017"]
[Source "ChessBase"]
[SourceDate "2016.10.25"]
[SourceVersion "1"]
[SourceVersionDate "2016.10.25"]
[SourceQuality "1"]
[WhiteTeam "Downend & Fishponds"]
[BlackTeam "Kings Head"]
[WhiteTeamCountry "ENG"]
[BlackTeamCountry "ENG"]

1. e4 c5 2. Nf3 Nc6 3. Bb5 d6 4. 0-0 Bd7 5. Re1 Nf6 6. h3 e6 7. c3 d5 8. exd5 Nxd5 9. d4 cxd4 10. Bxc6 bxc6 11. Qxd4 Qf6 12. Ne5 Bd6 13. c4 c5 14. Qe4 Qxe5 15. Qxe5 Bxe5 16. Rxe5 Nb4 17. Nc3 Nd3 18. Re3 Nb4 19. Rg3 g6 20. Ne4 Bc6 21. Nxc5 Rc8 22. Bg5 Bxg2 23. Bf6 Rg8 24. Kxg2 Rxc5 25. Rd1 Rc8 26. Rg5 1-0

[Event "BCF-chT2c 1516 (4NCL)"]
[Site "England"]
[Date "2016.05.01"]
[Round "10.233"]
[White "Kwiatkowski, Feliks Jerzy"]
[Black "Dargan, Paul AG"]
[Result "1/2-1/2"]
[WhiteElo "2226"]
[BlackElo "2170"]
[PlyCount "78"]
[EventDate "2015.11.14"]
[EventType "team-swiss"]
[EventRounds "11"]
[EventCountry "ENG"]
[SourceTitle "EXT 2017"]
[Source "ChessBase"]
[SourceDate "2016.10.25"]
[SourceVersion "1"]
[SourceVersionDate "2016.10.25"]
[SourceQuality "1"]
[WhiteTeam "Kings Head"]
[BlackTeam "North East England"]
[WhiteTeamCountry "ENG"]
[BlackTeamCountry "ENG"]

1. e4 e6 2. d4 d5 3. Nd2 Nf6 4. e5 Nfd7 5. c3 c5 6. Bd3 Nc6 7. Ne2 cxd4 8. cxd4 f6 9. exf6 Nxf6 10. Nf3 Bd6 11. 0-0 Qc7 12. Bg5 0-0 13. Rc1 Ng4 14. Ng3 g6 15. Bb5 Bd7 16. Rc2 a6 17. Bxc6 Bxc6 18. Bc1 Rae8 19. Ng5 Nf6 20. Re1 e5 21. dxe5 Bxe5 22. Nf3 Bd6 23. Nd4 Rxe1+ 24. Qxe1 Re8 25. Re2 Rxe2 26. Qxe2 Bd7 27. Bd2 Qc4 28. Bc3 Qxe2 29. Ndxe2 Kf7 30. Bd4 Ne8 31. Nc3 Nc7 32. Bb6 Nb5 33. Nxd5 Be6 34. a4 Bxd5 35. axb5 Bxg3 36. hxg3 h5 37. bxa6 bxa6 38. f3 Bc4 39. Kf2 Kf6 1/2-1/2

[Event "BCF-chT1d 1314 (4NCL) Demotion pool"]
[Site "England"]
[Date "2014.05.04"]
[Round "10.154"]
[White "Kwiatkowski, Feliks Jerzy"]
[Black "Bisby, Daniel L"]
[Result "1/2-1/2"]
[WhiteElo "2215"]
[BlackElo "2311"]
[PlyCount "40"]
[EventDate "2013.11.16"]
[EventType "team-tourn"]
[EventRounds "4"]
[EventCountry "ENG"]
[SourceTitle "EXT 2015"]
[Source "ChessBase"]
[SourceDate "2014.11.20"]
[SourceVersion "1"]
[SourceVersionDate "2014.11.20"]
[SourceQuality "1"]
[WhiteTeam "Kings Head"]
[BlackTeam "Cambridge"]
[WhiteTeamCountry "ENG"]
[BlackTeamCountry "ENG"]

1. e4 d6 2. d4 Nf6 3. Nc3 g6 4. f4 Bg7 5. Nf3 0-0 6. Bd3 Nc6 7. e5 dxe5 8. fxe5 Ng4 9. Be4 f6 10. Bxc6 bxc6 11. Qe2 fxe5 12. dxe5 Be6 13. h3 Rxf3 14. gxf3 Nxe5 15. f4 Bc4 16. Qe4 Bd5 17. Nxd5 cxd5 18. Qe2 Nc4 19. Qe6+ Kh8 20. 0-0 Qd6 1/2-1/2

[Event "BCF-chT1d 1314 (4NCL) Demotion pool"]
[Site "England"]
[Date "2014.05.03"]
[Round "9.154"]
[White "Longson, Alexander"]
[Black "Kwiatkowski, Feliks Jerzy"]
[Result "1/2-1/2"]
[WhiteElo "2328"]
[BlackElo "2215"]
[PlyCount "79"]
[EventDate "2013.11.16"]
[EventType "team-tourn"]
[EventRounds "4"]
[EventCountry "ENG"]
[SourceTitle "EXT 2015"]
[Source "ChessBase"]
[SourceDate "2014.11.20"]
[SourceVersion "1"]
[SourceVersionDate "2014.11.20"]
[SourceQuality "1"]
[WhiteTeam "3CS Oldham"]
[BlackTeam "Kings Head"]
[WhiteTeamCountry "ENG"]
[BlackTeamCountry "ENG"]

1. e4 c5 2. Nf3 Nc6 3. Bb5 d6 4. 0-0 Bd7 5. Re1 Nf6 6. c3 a6 7. Bf1 Bg4 8. h3 Bh5 9. g4 Bg6 10. d4 cxd4 11. cxd4 d5 12. exd5 Nxd5 13. Nc3 f6 14. Ne4 e6 15. Bd2 Qd7 16. Rc1 Bd6 17. Qb3 Bxe4 18. Rxe4 0-0 19. Rce1 Nd8 20. Bg2 Rc8 21. Rxe6 Nxe6 22. Qxd5 Rfe8 23. g5 Rcd8 24. gxf6 Bh2+ 25. Nxh2 Qxd5 26. Bxd5 Rxd5 27. fxg7 Nxg7 28. Rc1 Ne6 29. Ng4 Kg7 30. Ne5 Kf6 31. Ng4+ Kg6 32. Re1 h5 33. Ne5+ Kf5 34. Nf3 Rg8+ 35. Kf1 Nxd4 36. Nh4+ Kf6 37. Bc3 Kg5 38. Bxd4 Kxh4 39. Bf6+ Kxh3 40. Re3+ 1/2-1/2

[Event "BCF-chT1d 1314 (4NCL) Demotion pool"]
[Site "England"]
[Date "2014.03.23"]
[Round "8.155"]
[White "Griffiths, Ryan Rhys"]
[Black "Kwiatkowski, Feliks Jerzy"]
[Result "1/2-1/2"]
[WhiteElo "2344"]
[BlackElo "2215"]
[PlyCount "54"]
[EventDate "2013.11.16"]
[EventType "team-tourn"]
[EventRounds "4"]
[EventCountry "ENG"]
[SourceTitle "EXT 2015"]
[Source "ChessBase"]
[SourceDate "2014.11.20"]
[SourceVersion "1"]
[SourceVersionDate "2014.11.20"]
[SourceQuality "1"]
[WhiteTeam "Barbican"]
[BlackTeam "Kings Head"]
[WhiteTeamCountry "ENG"]
[BlackTeamCountry "ENG"]

1. d4 Nf6 2. c4 e6 3. Nc3 Bb4 4. e3 0-0 5. Nge2 d5 6. a3 Be7 7. cxd5 exd5 8. Nf4 c6 9. Bd3 a5 10. 0-0 Na6 11. f3 Nc7 12. Bd2 Ne6 13. Nxe6 Bxe6 14. Be1 c5 15. Kh1 Nd7 16. Bg3 cxd4 17. exd4 Nb6 18. Qc2 h6 19. Rae1 Rc8 20. f4 Bd7 21. f5 Na4 22. Qe2 Nxc3 23. Qxe7 Ne4 24. Qe5 Bc6 25. Qf4 Qg5 26. Bh4 Qxf4 27. Rxf4 Rfe8 1/2-1/2

[Event "BCF-chT1a 1314 (4NCL)"]
[Site "England"]
[Date "2014.03.22"]
[Round "7.135"]
[White "Kwiatkowski, Feliks Jerzy"]
[Black "Franklin, Samuel Gideon"]
[Result "1/2-1/2"]
[WhiteElo "2215"]
[BlackElo "2307"]
[PlyCount "87"]
[EventDate "2013.11.16"]
[EventType "team-tourn"]
[EventRounds "7"]
[EventCountry "ENG"]
[SourceTitle "EXT 2015"]
[Source "ChessBase"]
[SourceDate "2014.11.20"]
[SourceVersion "1"]
[SourceVersionDate "2014.11.20"]
[SourceQuality "1"]
[WhiteTeam "Kings Head"]
[BlackTeam "Barbican II"]
[WhiteTeamCountry "ENG"]
[BlackTeamCountry "ENG"]

1. e4 e5 2. Nf3 Nc6 3. Bc4 Bc5 4. c3 Nf6 5. d3 a6 6. 0-0 d6 7. Bb3 Ba7 8. Nbd2 0-0 9. h3 h6 10. Re1 Nh5 11. Nf1 Qf6 12. Be3 Bxe3 13. Nxe3 Nf4 14. Nd5 Nxd5 15. exd5 Ne7 16. d4 Ng6 17. Bc2 Bf5 18. Re3 Rfe8 19. Bxf5 Qxf5 20. dxe5 dxe5 21. Qb3 Nf4 22. Qxb7 Qg6 23. g3 Rab8 24. Qc6 Nxh3+ 25. Kg2 Nf4+ 26. Kf1 Qxc6 27. dxc6 Ng6 28. Rd1 Re6 29. Rd7 Rc8 30. Rd5 Rxc6 31. Nxe5 Nxe5 32. Rexe5 Rb8 33. Re2 g6 34. Rd7 Rbb6 35. Ke1 Re6 36. Rxe6 Rxe6+ 37. Kd2 Rc6 38. Kd3 Kf8 39. Rd8+ Ke7 40. Rh8 h5 41. c4 Rd6+ 42. Ke3 Re6+ 43. Kf3 Rf6+ 44. Ke3 1/2-1/2

[Event "BCF-chT1a 1314 (4NCL)"]
[Site "England"]
[Date "2014.02.16"]
[Round "6.135"]
[White "Kwiatkowski, Feliks Jerzy"]
[Black "Nelson, Jonathan"]
[Result "1/2-1/2"]
[WhiteElo "2215"]
[BlackElo "2243"]
[PlyCount "79"]
[EventDate "2013.11.16"]
[EventType "team-tourn"]
[EventRounds "7"]
[EventCountry "ENG"]
[SourceTitle "EXT 2015"]
[Source "ChessBase"]
[SourceDate "2014.11.20"]
[SourceVersion "1"]
[SourceVersionDate "2014.11.20"]
[SourceQuality "1"]
[WhiteTeam "Kings Head"]
[BlackTeam "Blackthorne Russia"]
[WhiteTeamCountry "ENG"]
[BlackTeamCountry "ENG"]

1. e4 d6 2. d4 Nf6 3. Nc3 g6 4. g3 Bg7 5. Bg2 Nc6 6. h3 0-0 7. Nge2 e5 8. Be3 Bd7 9. 0-0 exd4 10. Nxd4 Re8 11. Re1 Qc8 12. Kh2 Re5 13. Nxc6 bxc6 14. g4 Rb8 15. Bd4 Re8 16. Rb1 c5 17. Be3 h5 18. g5 Nh7 19. Qd2 Bc6 20. b3 Bxc3 21. Qxc3 Bxe4 22. Bc1 Bxg2 23. Rxe8+ Qxe8 24. Bb2 Qe5+ 25. Qxe5 dxe5 26. Kxg2 Nxg5 27. Bxe5 Ne6 28. Rd1 Kf8 29. Bf6 Rb6 30. Kf3 Rd6 31. Rxd6 cxd6 32. Ke4 Ke8 33. f4 Kd7 34. c4 Nf8 35. Kd5 Ne6 36. Ke4 Kc6 37. f5 gxf5+ 38. Kxf5 d5 39. cxd5+ Kxd5 40. Bb2 1/2-1/2

[Event "BCF-chT1a 1314 (4NCL)"]
[Site "England"]
[Date "2014.01.11"]
[Round "3.143"]
[White "Shytaj, Luca"]
[Black "Kwiatkowski, Feliks Jerzy"]
[Result "0-1"]
[WhiteElo "2461"]
[BlackElo "2215"]
[PlyCount "86"]
[EventDate "2013.11.16"]
[EventType "team-tourn"]
[EventRounds "7"]
[EventCountry "ENG"]
[SourceTitle "EXT 2015"]
[Source "ChessBase"]
[SourceDate "2014.11.20"]
[SourceVersion "1"]
[SourceVersionDate "2014.11.20"]
[SourceQuality "1"]
[WhiteTeam "Cheddleton"]
[BlackTeam "Kings Head"]
[WhiteTeamCountry "ENG"]
[BlackTeamCountry "ENG"]

1. d4 Nf6 2. Bg5 e6 3. e4 h6 4. Bxf6 Qxf6 5. Nc3 Bb4 6. Qd2 d6 7. Nge2 e5 8. a3 Ba5 9. b4 Bb6 10. Nd5 Qd8 11. a4 c6 12. Nxb6 axb6 13. Nc3 Nd7 14. Rd1 0-0 15. Be2 Qg5 16. 0-0 Qxd2 17. Rxd2 Nf6 18. f4 Re8 19. h3 Kf8 20. dxe5 dxe5 21. f5 Ke7 22. Rfd1 Bd7 23. Kf2 Red8 24. Ke3 Be8 25. h4 Rxd2 26. Rxd2 Rd8 27. Rxd8 Kxd8 28. Nb1 Nd7 29. Nd2 f6 30. Bc4 Kc7 31. g4 Nb8 32. g5 hxg5 33. hxg5 Na6 34. Bxa6 bxa6 35. g6 a5 36. c3 b5 37. bxa5 bxa4 38. Kd3 c5 39. Nf3 Bb5+ 40. c4 a3 41. Nd2 a2 42. Nb3 Ba4 43. Na1 Kb7 0-1

[Event "BCF-chT2b 1213 (4NCL)"]
[Site "England"]
[Date "2013.01.12"]
[Round "3.18"]
[White "Maroroa, Sue Yuchan"]
[Black "Kwiatkowski, Feliks Jerzy"]
[Result "1/2-1/2"]
[WhiteElo "2055"]
[BlackElo "2232"]
[PlyCount "166"]
[EventDate "2012.11.03"]
[EventType "team-tourn"]
[EventRounds "7"]
[EventCountry "ENG"]
[SourceTitle "EXT 2014"]
[Source "ChessBase"]
[SourceDate "2013.11.20"]
[SourceVersion "1"]
[SourceVersionDate "2013.11.20"]
[SourceQuality "1"]
[WhiteTeam "North East England"]
[BlackTeam "Kings Head"]
[WhiteTeamCountry "ENG"]
[BlackTeamCountry "ENG"]

1. e4 c5 2. Nf3 Nc6 3. Bb5 Nf6 4. Bxc6 dxc6 5. d3 Qc7 6. h3 e5 7. Nc3 h6 8. Be3 Be6 9. Qe2 Be7 10. a3 Nd7 11. g4 Nf8 12. Qd2 Bd7 13. Ne2 Ne6 14. c3 Bf8 15. Nh4 g6 16. f4 exf4 17. Nxf4 Bg7 18. Nxe6 Bxe6 19. Bxc5 h5 20. g5 Qd7 21. 0-0-0 Bxh3 22. Bxa7 Bg4 23. Qe3 Bxd1 24. Rxd1 0-0 25. Rf1 Rxa7 26. Qxa7 Qxd3 27. Qf2 Qxe4 28. Qf4 Qd5 29. Rd1 Qb3 30. Nf3 Re8 31. Nd2 Qe6 32. Rf1 b6 33. Kc2 c5 34. Rf2 Be5 35. Qe4 Bd6 36. Qxe6 Rxe6 37. Kd3 Be7 38. Rg2 Kg7 39. Ne4 Re5 40. b3 Rd5+ 41. Ke2 Rd8 42. Rg1 Ra8 43. Ra1 c4 44. b4 f6 45. Rd1 f5 46. Rd7 Kf7 47. Nf6 Ke6 48. Rb7 Rxa3 49. Rxb6+ Kf7 50. Rb7 Ra8 51. Nd5 Re8 52. Kf3 Kg8 53. Rb6 Kf7 54. Rb7 Kf8 55. Rb6 Rd8 56. Nf4 Kf7 57. Rb7 Ke8 58. Rb5 Bxg5 59. Rc5 Rd1 60. Ke2 Rc1 61. Nxg6 Rc2+ 62. Ke1 Rxc3 63. Rxf5 Rg3 64. Kd1 c3 65. Nf4 h4 66. Ne2 Rg2 67. Nxc3 h3 68. Ne2 Rg1+ 69. Nxg1 h2 70. Rxg5 h1Q 71. Rg3 Qh4 72. Ne2 Qxb4 73. Rd3 Ke7 74. Kc2 Kf6 75. Nc3 Qb7 76. Rd5 Ke6 77. Kd3 Qb2 78. Kc4 Qc2 79. Kb4 Qc1 80. Kb3 Qf4 81. Kc2 Qg3 82. Kb3 Qxc3+ 83. Kxc3 Kxd5 1/2-1/2

[Event "Hastings Masters op 88th"]
[Site "Hastings"]
[Date "2012.12.31"]
[Round "4"]
[White "Gunn, Michael J"]
[Black "Kwiatkowski, Feliks Jerzy"]
[Result "0-1"]
[WhiteElo "1772"]
[BlackElo "2232"]
[PlyCount "68"]
[EventDate "2012.12.28"]
[EventType "swiss"]
[EventRounds "10"]
[EventCountry "ENG"]
[SourceTitle "CBM 152 Extra"]
[Source "ChessBase"]
[SourceDate "2013.02.25"]
[SourceVersion "1"]
[SourceVersionDate "2013.02.25"]
[SourceQuality "1"]

1. c4 c5 2. Nf3 Nc6 3. d4 cxd4 4. Nxd4 Qb6 5. e3 Nf6 6. Nc3 e6 7. Ndb5 Nb8 8. Be2 a6 9. Nd4 Be7 10. 0-0 Nc6 11. Na4 Qc7 12. c5 Rb8 13. Nb3 d6 14. Bd2 Ne4 15. Ba5 Nxa5 16. cxd6 Bxd6 17. Nxa5 Qxa5 18. Bf3 Nd2 19. Nc3 Qe5 20. g3 Nxf1 21. Kxf1 0-0 22. Qc2 Bd7 23. Rd1 Rfd8 24. Be4 f5 25. f4 Qc5 26. Bg2 Bc6 27. Re1 b5 28. Qb3 Bxg2+ 29. Kxg2 Qc4 30. Qd1 Bxf4 31. Qf3 Be5 32. e4 Bxc3 33. Rc1 Rd2+ 34. Kg1 Bd4+ 0-1

[Event "BCF-chT2b 1213 (4NCL)"]
[Site "England"]
[Date "2012.11.03"]
[Round "1.61"]
[White "Kwiatkowski, Feliks Jerzy"]
[Black "Longson, Alexander"]
[Result "1-0"]
[WhiteElo "2232"]
[BlackElo "2270"]
[PlyCount "81"]
[EventDate "2012.11.03"]
[EventType "team-tourn"]
[EventRounds "7"]
[EventCountry "ENG"]
[SourceTitle "EXT 2014"]
[Source "ChessBase"]
[SourceDate "2013.11.20"]
[SourceVersion "1"]
[SourceVersionDate "2013.11.20"]
[SourceQuality "1"]
[WhiteTeam "Kings Head"]
[BlackTeam "3CS Oldham"]
[WhiteTeamCountry "ENG"]
[BlackTeamCountry "ENG"]

1. e4 e5 2. Nf3 Nc6 3. Bb5 a6 4. Ba4 Nf6 5. 0-0 Be7 6. Re1 b5 7. Bb3 d6 8. c3 0-0 9. h3 Na5 10. Bc2 c5 11. d4 Qc7 12. Nbd2 Bd7 13. Nf1 Nc4 14. Ng3 g6 15. d5 Ne8 16. Rb1 Ng7 17. Bh6 a5 18. Rf1 f5 19. exf5 gxf5 20. Ng5 Bxg5 21. Bxg5 Be8 22. Bh6 Qd7 23. a4 bxa4 24. Bxg7 Kxg7 25. Bxf5 Rxf5 26. Qg4+ Bg6 27. Nxf5+ Qxf5 28. Qxc4 Qc2 29. Qb5 Qb3 30. Qd7+ Kg8 31. Qe6+ Kh8 32. Qxd6 Bxb1 33. Qxe5+ Kg8 34. Qe6+ Kh8 35. Rxb1 a3 36. Qf6+ Kg8 37. d6 axb2 38. d7 Qc2 39. d8Q+ Rxd8 40. Qxd8+ Kg7 41. Qc7+ 1-0

[Event "BCF-chT2c 1112 (4NCL)"]
[Site "England"]
[Date "2012.05.07"]
[Round "11.232"]
[White "Kwiatkowski, Feliks Jerzy"]
[Black "Mason, Donald"]
[Result "1/2-1/2"]
[WhiteElo "2241"]
[BlackElo "2227"]
[PlyCount "69"]
[EventDate "2011.11.12"]
[EventType "team-swiss"]
[EventRounds "11"]
[EventCountry "ENG"]
[SourceTitle "EXT 2013"]
[Source "ChessBase"]
[SourceDate "2012.11.22"]
[SourceVersion "1"]
[SourceVersionDate "2012.11.22"]
[SourceQuality "1"]
[WhiteTeam "Kings Head"]
[BlackTeam "Warwicks Select"]
[WhiteTeamCountry "ENG"]
[BlackTeamCountry "ENG"]

1. e4 e6 2. d4 d5 3. Nd2 Nf6 4. e5 Nfd7 5. Bd3 c5 6. c3 Nc6 7. Ne2 cxd4 8. cxd4 f6 9. exf6 Nxf6 10. Nf3 Bd6 11. 0-0 Qc7 12. Bg5 0-0 13. Rc1 Bd7 14. Bh4 Nh5 15. Bb1 a6 16. Rc3 g6 17. a3 Rac8 18. Re1 Qb8 19. Qd2 Nf4 20. Bg3 Nxe2+ 21. Rxe2 Bf4 22. Bxf4 Qxf4 23. Rce3 Rf7 24. g3 Qf6 25. h4 Rcf8 26. Ne5 Nxe5 27. Rxe5 Qf3 28. Bd3 Rf4 29. Qe3 Qxe3 30. fxe3 Rf1+ 31. Kg2 Rd1 32. Bc2 Rc1 33. Bd3 Rd1 34. Bc2 Rc1 35. Bd3 1/2-1/2